000 01321nam0a2200325 4500
001 RU\NLR\bibl\1272842
005 20090206102030.0
010 _a978-5-94908-266-9
_916000
021 _aRU
_b2008-55509
_93080
021 _aRU
_b2011-31898
_92266
035 _a(NLR Aleph) 001258705
090 _a365261
_c365261
100 _a20080912d2008 c y0rusy50 ca
101 0 _arus
102 _aRU
105 _aa |||||||||
200 1 _aОкружающий мир
_eхрестоматия
_e1 класс
_fО.Н. Федоров, Г.В. Трафимова, С.А. Трафимов
210 _aМосква
_cАкадемкнига/Учебник
_d2008
215 _a79 с.
_cцв. ил.
_d28
606 1 _aЕстествознание
_jХрестоматии для начальной школы
_91049255
_3RU\NLR\auth\6687283
686 _aБ.я71-3
700 1 _4070
_7ca
_8rus
_aФедотова
_bО. Н.
_cканд. пед. наук
_gОльга Нестеровна
_9123774
_3RU\NLR\AUTH\7714096
701 1 _aТрафимова
_bГ. В.
_gГалина Владимировна
_4070
701 1 _aТрафимов
_bС. А.
_gСергей Анатольевич
_4070
801 0 _aRU
_bNLR
_c20080912
_gRCR
801 1 _aRU
_bNLR
_c20080912
830 _aавт. по кн.
942 _cBOOK
980 _aNB